Giáo sư Cao Xuân Huy: Người thầy - Nhà tư tưởng

Salvato in:
Dettagli Bibliografici
Autore principale: Vũ Thanh
Natura: Libro
Lingua:Undetermined
Pubblicazione: Hà Nội VHTT 2001
Soggetti:
Tags: Aggiungi Tag
Nessun Tag, puoi essere il primo ad aggiungerne! !
Thư viện lưu trữ: Trung tâm Học liệu Trường Đại học Cần Thơ
LEADER 00527nam a2200169Ia 4500
001 CTU_40516
008 210402s9999 xx 000 0 und d
082 |a 371.10092 
082 |b Th107 
100 |a Vũ Thanh 
245 0 |a Giáo sư Cao Xuân Huy: Người thầy - Nhà tư tưởng 
245 0 |c Vũ Thanh 
260 |a Hà Nội 
260 |b VHTT 
260 |c 2001 
650 |a education - philosophy,educational psychology,teaches - vietnam 
980 |a Trung tâm Học liệu Trường Đại học Cần Thơ